| 000 | 00744nam a2200229Ia 4500 | ||
|---|---|---|---|
| 003 | OSt | ||
| 005 | 20250404122841.0 | ||
| 008 | 210210b2005 xxu||||| |||| 00| 0 eng d | ||
| 020 | _a0 07 058585 7 | ||
| 040 | _cAL | ||
| 041 | _aEnglish | ||
| 082 | _a332 KHAF | ||
| 100 |
_aKHAN (M Y). _9207499 |
||
| 245 | _aFinancial services | ||
| 250 | _a3 | ||
| 260 |
_aND _bTata McGraw-Hill Publishing Company Ltd. _c2005 |
||
| 300 | _a16.88,1.8 | ||
| 650 |
_aFinancial Services Non-Banking Financial Companies Leasing Hire Purchase Consumer Credit Factoring Forfaiting Housing Finance Insurance Venture Capital Merchant Banking Issue Stock Credit Rating _9207500 |
||
| 690 |
_aFinancial Economics _9207501 |
||
| 906 | _a060390 | ||
| 942 |
_2ddc _cBK |
||
| 999 |
_c107211 _d107211 |
||